French Southern and Antarctic Lands country quiz - Statistics

General Stats
  • This quiz has been taken 35 times
  • The average score is 6 of 16
Answer Stats
Hint Answer % Correct
Official language French
90%
Districts of the territory Kerguelen islands
69%
Districts of the territory Saint Paul and New Amsterdam
66%
These lands were once part of the French colony of... Madagascar
59%
Districts of the territory Crozet islands
55%
Districts of the territory Adelie land
45%
This territory is one of the few dependencies that haven't got a... Capital
45%
French acronym of the country TAAF
41%
Most populous settlement Port-Aux-Français
38%
Districts of the territory Scattered islands of the Indian ocean
34%
Year of creation 1955
31%
The "four symbols" of the territory that appear in the coat of arms Penguin
28%
The "four symbols" of the territory that appear in the coat of arms Lobster
14%
French dialect widely spoken there Taafien
14%
The "four symbols" of the territory that appear in the coat of arms Iceberg
10%
The "four symbols" of the territory that appear in the coat of arms Kerguelen Cabbage
10%
No matching quizzes found
Score Distribution
Percent of People with Each Score
Percentile by Number Answered
Your Score History
You have not taken this quiz